000 00645nam a2200193Ii 4500
003 JO-AjNU
008 230605s9999||||xx |||||||||||||| ||und||
040 _aJO-AjNU
_bara
_erda
_cJO-AjNU
041 _aara
050 1 4 _aQC522.H272 2004
100 3 _aالحسن ، ميسر محمد,
_eauthor
_915868
245 0 0 _aالكهرباءالصناعية الصيانه وكشف الاعطال
264 3 1 _aسوريا:شعاع للنشر ، 2004
300 _a357ص
336 _atext
_btxt
_2rdacontent
337 _aunmediated
_bn
_2rdamedia
338 _avolume
_bnc
_2rdacarrier
650 4 _aالكهرباء الصناعيه -صيانة
_915869
999 _aA4580
_c8148
_d8148